[Event "CZE-chT2B 1415"]
[Site "Czech Republic"]
[Date "2015.01.25"]
[Round "6.5"]
[White "Forman, Stepan"]
[Black "Kansky, Pavel"]
[Result "1-0"]
[WhiteElo "2272"]
[BlackElo "2094"]
[PlyCount "31"]
[EventDate "2014.11.02"]
[EventType "team-tourn"]
[EventRounds "11"]
[EventCountry "CZE"]
[SourceTitle "EXT 2022"]
[Source "ChessBase"]
[SourceDate "2021.10.06"]
[SourceVersion "1"]
[SourceVersionDate "2021.10.06"]
[SourceQuality "1"]
[WhiteTeam "Jicin III"]
[BlackTeam "Decin"]
[WhiteTeamCountry "CZE"]
[BlackTeamCountry "CZE"]

1. d4 d5 2. c4 c6 3. Nc3 e6 4. Nf3 Bd6 5. e4 dxe4 6. Nxe4 Bb4+ 7. Bd2 Bxd2+ 8. Qxd2 Nf6 9. Bd3 Nbd7 10. Nd6+ Kf8 11. Ng5 Qe7 12. Ngxf7 Rg8 13. c5 g6 14. 0-0 Rg7 15. Ng5 Ne8 16. Bc4 1-0

[Event "CZE-chT2B 1415"]
[Site "Czech Republic"]
[Date "2014.11.16"]
[Round "2.7"]
[White "Hulin, Petr"]
[Black "Kansky, Pavel"]
[Result "1/2-1/2"]
[WhiteElo "2043"]
[BlackElo "2094"]
[PlyCount "57"]
[EventDate "2014.11.02"]
[EventType "team-tourn"]
[EventRounds "11"]
[EventCountry "CZE"]
[SourceTitle "EXT 2022"]
[Source "ChessBase"]
[SourceDate "2021.10.06"]
[SourceVersion "1"]
[SourceVersionDate "2021.10.06"]
[SourceQuality "1"]
[WhiteTeam "Bakov nad Jizerou"]
[BlackTeam "Decin"]
[WhiteTeamCountry "CZE"]
[BlackTeamCountry "CZE"]

1. d4 d5 2. Nf3 c6 3. e3 e6 4. Bd3 f5 5. Ne5 Nf6 6. g4 g6 7. b3 Bd6 8. g5 Ne4 9. Bxe4 dxe4 10. Nc4 Be7 11. h4 h5 12. Ne5 Rg8 13. Nd2 Nd7 14. Ndc4 Qc7 15. Bb2 Nf8 16. f3 exf3 17. Qxf3 b5 18. Nd2 Bb7 19. Qe2 Nd7 20. Ndf3 Nxe5 21. Nxe5 Bd6 22. 0-0-0 0-0-0 23. c4 c5 24. Rhf1 Bxe5 25. dxe5 b4 26. Rxd8+ Rxd8 27. Rd1 Be4 28. Rxd8+ Qxd8 29. Qd2 1/2-1/2

[Event "CZE-chT2B 1314"]
[Site "Czech Republic"]
[Date "2013.12.15"]
[Round "4.6"]
[White "Cakl, Zdenek"]
[Black "Kansky, Pavel"]
[Result "0-1"]
[WhiteElo "2094"]
[BlackElo "2103"]
[PlyCount "70"]
[EventDate "2013.11.03"]
[EventType "team-tourn"]
[EventRounds "11"]
[EventCountry "CZE"]
[SourceTitle "EXT 2015"]
[Source "ChessBase"]
[SourceDate "2014.11.20"]
[SourceVersion "1"]
[SourceVersionDate "2014.11.20"]
[SourceQuality "1"]
[WhiteTeam "Liberec Desko"]
[BlackTeam "Decin"]
[WhiteTeamCountry "CZE"]
[BlackTeamCountry "CZE"]

1. Nf3 d5 2. b3 c5 3. e3 Nc6 4. Bb2 Nf6 5. Bb5 Bd7 6. 0-0 e6 7. Bxc6 Bxc6 8. Ne5 Rc8 9. d3 Be7 10. Nd2 0-0 11. f4 Nd7 12. Ndf3 Nxe5 13. Nxe5 f6 14. Nxc6 Rxc6 15. Qg4 Rf7 16. Rae1 f5 17. Qe2 Bf6 18. Bxf6 Qxf6 19. e4 fxe4 20. dxe4 Qd4+ 21. Kh1 c4 22. Rd1 Qxe4 23. Qxe4 dxe4 24. b4 Ra6 25. Rd4 b5 26. Rxe4 Rxa2 27. Rxe6 Rxf4 28. Rfe1 Rxc2 29. Ra6 Re2 30. Rd1 Rd2 31. Re1 c3 32. g3 Rf8 33. Rxa7 c2 34. Kg1 Rd1 35. Ra1 Rfd8 0-1

[Event "CZE-chT2B 1213"]
[Site "Czech Republic"]
[Date "2013.01.06"]
[Round "6.7"]
[White "Kansky, Pavel"]
[Black "Kupsovsky, Vaclav"]
[Result "1/2-1/2"]
[WhiteElo "2080"]
[BlackElo "2032"]
[PlyCount "75"]
[EventDate "2012.10.14"]
[EventType "team-tourn"]
[EventRounds "11"]
[EventCountry "CZE"]
[SourceTitle "EXT 2015"]
[Source "ChessBase"]
[SourceDate "2014.11.20"]
[SourceVersion "1"]
[SourceVersionDate "2014.11.20"]
[SourceQuality "1"]
[WhiteTeam "Decin"]
[BlackTeam "Usti nad Labem"]
[WhiteTeamCountry "CZE"]
[BlackTeamCountry "CZE"]

1. c4 e6 2. Nc3 Nf6 3. g3 d5 4. d4 c6 5. cxd5 cxd5 6. Bg2 Nc6 7. Nf3 Be7 8. 0-0 0-0 9. a3 b6 10. b4 Bb7 11. Qd3 Rc8 12. Bb2 Qc7 13. Rac1 Qb8 14. Nd2 Rfd8 15. f4 g6 16. Nb3 Bf8 17. Bf3 Bg7 18. b5 Ne7 19. a4 Qd6 20. Na2 Ne4 21. e3 Bf8 22. Na1 Rxc1 23. Rxc1 Rc8 24. Rc2 Rxc2 25. Nxc2 Qc7 26. Ba3 Nd6 27. Kf2 Qc4 28. Qxc4 Nxc4 29. Bb4 Nb2 30. Nc3 Nd3+ 31. Ke2 Nxb4 32. Nxb4 Nc8 33. Nc6 a6 34. e4 dxe4 35. Nxe4 axb5 36. axb5 Nd6 37. Nxd6 Bxd6 38. Ne7+ 1/2-1/2

[Event "CZE-chT2B 0910"]
[Site "Czech Republic"]
[Date "2010.03.28"]
[Round "10.5"]
[White "Muzik, Martin"]
[Black "Kansky, Pavel"]
[Result "1-0"]
[WhiteElo "2181"]
[BlackElo "2129"]
[PlyCount "33"]
[EventDate "2009.10.18"]
[EventType "team-tourn"]
[EventRounds "11"]
[EventCountry "CZE"]
[SourceTitle "EXT 2012"]
[Source "ChessBase"]
[SourceDate "2011.11.24"]
[SourceVersion "1"]
[SourceVersionDate "2011.11.24"]
[SourceQuality "1"]
[WhiteTeam "Novoborsky III"]
[BlackTeam "Decin"]
[WhiteTeamCountry "CZE"]
[BlackTeamCountry "CZE"]

1. e4 d5 2. exd5 Nf6 3. d4 Nxd5 4. c4 Nb6 5. Nc3 g6 6. c5 Nd5 7. Bc4 Nf6 8. Qb3 e6 9. Nf3 Bg7 10. 0-0 0-0 11. d5 exd5 12. Nxd5 Nxd5 13. Bxd5 Nc6 14. Bg5 Qd7 15. Rad1 Qf5 16. Rfe1 Nd8 17. Bxd8 1-0

[Event "CZE-chT2B 0910"]
[Site "Czech Republic"]
[Date "2010.01.17"]
[Round "5.7"]
[White "Kansky, Pavel"]
[Black "Baran, Peter"]
[Result "1-0"]
[WhiteElo "2129"]
[BlackElo "2062"]
[PlyCount "107"]
[EventDate "2009.10.18"]
[EventType "team-tourn"]
[EventRounds "11"]
[EventCountry "CZE"]
[SourceTitle "EXT 2012"]
[Source "ChessBase"]
[SourceDate "2011.11.24"]
[SourceVersion "1"]
[SourceVersionDate "2011.11.24"]
[SourceQuality "1"]
[WhiteTeam "Decin"]
[BlackTeam "Neratovice"]
[WhiteTeamCountry "CZE"]
[BlackTeamCountry "CZE"]

1. c4 e5 2. Nc3 Nc6 3. g3 Nf6 4. Bg2 Bb4 5. Nf3 Bxc3 6. bxc3 0-0 7. 0-0 Re8 8. Qc2 d6 9. Rb1 Rb8 10. e4 b6 11. d3 h6 12. Nh4 Bd7 13. Nf5 Bxf5 14. exf5 Na5 15. h3 Qd7 16. g4 e4 17. dxe4 Nxc4 18. g5 hxg5 19. Bxg5 Nh7 20. Bh4 Re5 21. Qd3 b5 22. f4 Ree8 23. e5 Qc8 24. e6 c6 25. Rbe1 fxe6 26. fxe6 Rxe6 27. Bxc6 Rxe1 28. Bd5+ Kh8 29. Rxe1 Nb6 30. Bb3 Qc5+ 31. Bf2 Qh5 32. Qxd6 Rc8 33. Be6 Re8 34. Re3 Nf6 35. Re5 Qg6+ 36. Bg4 Qf7 37. Bd4 Nc4 38. Rxe8+ Qxe8 39. Qe6 Qg6 40. Qc8+ Kh7 41. Qf5 a5 42. Bxf6 gxf6 43. Qxb5 Ne3 44. Qh5+ Qxh5 45. Bxh5 Nd5 46. c4 Nxf4 47. Bg4 Kg6 48. c5 f5 49. c6 Ne6 50. Be2 Kg5 51. Bc4 Nc7 52. Kg2 Kf4 53. Kf2 Ke4 54. h4 1-0

[Event "CZE-chT2B 0910"]
[Site "Czech Republic"]
[Date "2009.11.08"]
[Round "2.5"]
[White "Kansky, Pavel"]
[Black "Musil, Miroslav"]
[Result "1-0"]
[WhiteElo "2129"]
[BlackElo "1918"]
[PlyCount "115"]
[EventDate "2009.10.18"]
[EventType "team-tourn"]
[EventRounds "11"]
[EventCountry "CZE"]
[SourceTitle "EXT 2012"]
[Source "ChessBase"]
[SourceDate "2011.11.24"]
[SourceVersion "1"]
[SourceVersionDate "2011.11.24"]
[SourceQuality "1"]
[WhiteTeam "Decin"]
[BlackTeam "Karlovy Vary II"]
[WhiteTeamCountry "CZE"]
[BlackTeamCountry "CZE"]

1. c4 Nf6 2. Nc3 d5 3. cxd5 Nxd5 4. g3 c6 5. Bg2 Nxc3 6. bxc3 e5 7. d3 Bd6 8. Nf3 0-0 9. 0-0 Qc7 10. Qc2 Nd7 11. Rb1 Rb8 12. d4 b5 13. Rd1 c5 14. dxe5 Nxe5 15. Ng5 g6 16. Ne4 Bf5 17. Bh6 Bxe4 18. Qxe4 Rfe8 19. Qd5 Bf8 20. Bg5 Be7 21. Bf4 Bf6 22. Qd6 Qxd6 23. Rxd6 Kg7 24. Ra6 Rb6 25. Rxa7 Nc6 26. Bc7 Nxa7 27. Bxb6 Nc8 28. Bxc5 Rxe2 29. Bd5 Bxc3 30. Rxb5 Re5 31. Bc4 Ne7 32. Bd6 Rxb5 33. Bxb5 Kf6 34. Bc4 Nc6 35. Kf1 Bb4 36. Bxb4 Nxb4 37. Ke2 Ke7 38. Ke3 f6 39. Ke4 Kd6 40. Bg8 h6 41. Bf7 f5+ 42. Kd4 Nc6+ 43. Kc3 Ne5 44. Be8 g5 45. h3 Kc5 46. Ba4 Nf3 47. Bd7 Nd4 48. Kd3 Kd5 49. a4 Nb3 50. Bb5 Nc5+ 51. Ke3 Nb7 52. Bd3 Ke5 53. f4+ Ke6 54. Kd4 Kd6 55. Bxf5 Nc5 56. Bc2 gxf4 57. gxf4 Ne6+ 58. Ke3 1-0

[Event "CZE-chT2b 0506"]
[Site "Czech Republic"]
[Date "2005.12.18"]
[Round "5"]
[White "Hlavac, Rudolf"]
[Black "Kansky, Pavel"]
[Result "0-1"]
[WhiteElo "2140"]
[BlackElo "2135"]
[PlyCount "64"]
[EventDate "2005.10.16"]
[EventType "team"]
[EventRounds "11"]
[EventCountry "CZE"]
[SourceTitle "EXT 2009"]
[Source "ChessBase"]
[SourceDate "2008.11.26"]
[SourceVersion "1"]
[SourceVersionDate "2008.11.26"]
[SourceQuality "1"]

1. e4 g6 2. d4 Bg7 3. Nc3 d6 4. Nf3 Nf6 5. Be2 0-0 6. 0-0 c6 7. e5 dxe5 8. Nxe5 Nbd7 9. Bf4 Nd5 10. Nxd5 cxd5 11. c3 Nxe5 12. Bxe5 Bf5 13. Bxg7 Kxg7 14. Re1 Qd7 15. Bf3 f6 16. g4 Be6 17. Qe2 Kf7 18. c4 dxc4 19. Bxb7 Rab8 20. Ba6 Qc6 21. d5 Bxd5 22. Qxe7+ Kg8 23. Rad1 Rbe8 24. Qb4 Rxe1+ 25. Qxe1 Bf3 26. Bb5 Qxb5 27. Qe6+ Rf7 28. Rd8+ Kg7 29. Qe3 Bxg4 30. Qd4 Qg5 31. f4 Qh4 32. Qe3 Bh3 0-1